Normal view
MARC view
- Haider Ali Raza (00000276585)
Entry Personal Name
001 - CONTROL NUMBER
- control field: 116675
003 - CONTROL NUMBER IDENTIFIER
- control field: NUST
005 - DATE AND TIME OF LATEST TRANSACTION
- control field: 20230912170022.0
008 - FIXED-LENGTH DATA ELEMENTS
- fixed length control field: 230912|| aca||aabn | a|a d
040 ## - CATALOGING SOURCE
- Original cataloging agency: NUST
- Transcribing agency: NUST
100 ## - HEADING--PERSONAL NAME
- Personal name: Haider Ali Raza (00000276585)
670 ## - SOURCE DATA FOUND
- Source citation: Work cat.: (NUST): Haider Ali Raza (00000276585), Strategy to Detect, Quantify and Locate Power Theft in a Distribution Network /, 2022
